000 00316nam a22001337a 4500
999 _c12110
_d12110
020 _a978-93-325-8555-3
082 _a621.31
100 _aArun Ingole
245 _aPower Transmission and Distribution
260 _aNew Delhi
_bPearson
_c2018
300 _a790
650 _aElectrical Engineering
942 _cBK